00816nam a22001937a 4500003000900000005001700009008004100026040001300067100003100080245004900111260004000160300002100200490003500221520013700256942001200393999001700405952010000422952010000522IT-RoPau20220918181109.0130626b xxu||||| |||| 00| 0 eng d cIT-RoPau aDelpogetto, Fortunato9737 aFiori di campagna III. Santa Giovanna d'Arco aAlbano L.bEdizioni "S.Paolo"c1994 a128 pp.c16,5 cm aEdizioni "S.Paolo"vIII° Vol. aIndice Prefazione Presentazione I. Vita Pastorale II. Vita Eroica III. Verso il Martirio IV. Glorificazione Preghiere Varie cartine 2ddccBK c98825d98825 00102ddc406P_E171aPAULUSbPAULUSd2013-06-26l0oP E1r2013-06-26 00:00:00w2013-06-26yBK 00102ddc406P_E171aPAULUSbPAULUSd2013-06-26l0oP E1r2013-06-26 00:00:00w2013-06-26yBK